Mots terminant par -graphie - Statistiques

Statistiques générales
  • Ce quiz a été pris 262 fois
  • Le résultat moyen est 12 sur 20
Statistiques - réponses
Définition Mot % Correct
Récit de la vie d'une personne {Bio}graphie
97%
Le thème majoritaire des quiz JetPunk {Géo}graphie
94%
Idem, mais écrit par soi-même {Autobio}graphie
88%
Art de composer des danses {Choré}graphie
84%
Art de la "belle écriture" {Calli}graphie
82%
Autre technique d'imagerie médicale, utilisant cette fois les rayons X {Radio}graphie
76%
Listes des enregistrements d'un artiste musical {Disco}graphie
71%
Liste des ouvrages utilisés comme sources {Biblio}graphie
70%
Ensemble des œuvres d'un acteur, ou d'un réalisateur, etc. {Filmo}graphie
67%
Art qui consiste à enregistrer l'image d'un sujet sur un support fixe {Photo}graphie
66%
Représentation d'actes obscènes, destinée à être vue par un public {Porno}graphie
66%
Conception, dessin des plans et de cartes {Carto}graphie
59%
Technique d'écriture à la machine à écrire {Dactylo}graphie
41%
Technique d'imagerie médicale employant des ultrasons {Écho}graphie
41%
Étude des caractéristiques des populations {Démo}graphie
38%
Difficulté à accomplir les gestes de l'écriture {Dys}graphie
33%
Technique d'écriture rapide à base de signes {Sténo}graphie
27%
Technique de relevé des reliefs et formes d'un terrain {Topo}graphie
27%
Création et édition d'images numériques {Info}graphie
18%
Ensemble des personnages doublés par un comédien {Voxo}graphie
10%
Aucun quiz correspondant
Distribution des résultats
% des personnes avec chaque résultat
Percentile par nombre de réponses
Votre historique - résultats
Vous n’avez pas pris ce quiz